| 000 | 00830cab a22002175a 4500 | ||
|---|---|---|---|
| 001 | L151021 | ||
| 008 | 100923e20100918xxk 000 0 eng d | ||
| 035 | _a(Sirsi) u151021 | ||
| 041 | 0 | _aeng | |
| 100 | 1 | _aBurgess-Smith, Mark | |
| 245 | 0 | 0 | _aPosing a problem |
| 260 | _c2010 | ||
| 490 |
_aEstates Gazette _v(1037) 18 September 2010, 130-132(3) |
||
| 520 | _aThe use of company voluntary arrangements (CVA)s is considered post "Mourant & Co Trustees Ltd v Sixty UK Ltd (In administration)" [2010] EWHC 1890 (Ch) (see L151150). Explains how CVAs work and their pros and cons. | ||
| 590 | _aKA | ||
| 650 | 2 | 4 | _aINSOLVENCY ACT 1986 |
| 650 | 2 | 4 | _aMOURANT & CO LTD V SIXTY UK LTD (IN ADMINISTRATION) |
| 651 | 4 | _aENGLAND AND WALES | |
| 690 | _aPROPERTY-COMMERCIAL PROPERTY-LEASEHOLD COMMERCIAL PROPERTY MARKET | ||
| 942 | _n0 | ||
| 999 |
_c82693 _d82693 |
||